Geology and ground waters of northeastern Arkansas / (Record no. 25672)
[ view plain ]
| 000 -LEADER | |
|---|---|
| fixed length control field | 01434cam a22003011 4500 |
| 001 - CONTROL NUMBER | |
| control field | gs 16000406 |
| 003 - CONTROL NUMBER IDENTIFIER | |
| control field | DLC |
| 005 - DATE AND TIME OF LATEST TRANSACTION | |
| control field | 20260227111319.0 |
| 008 - FIXED-LENGTH DATA ELEMENTS--GENERAL INFORMATION | |
| fixed length control field | 720327s1916 dcuabdf b 000 0 eng |
| 010 ## - LIBRARY OF CONGRESS CONTROL NUMBER | |
| LC control number | gs 16000406 |
| 035 ## - SYSTEM CONTROL NUMBER | |
| System control number | (OCoLC)271117 |
| 040 ## - CATALOGING SOURCE | |
| Original cataloging agency | DLC |
| Transcribing agency | ODaWU |
| Modifying agency | OCoLC |
| -- | NmSoI |
| -- | DLC |
| 050 00 - LIBRARY OF CONGRESS CALL NUMBER | |
| Classification number | TC801 |
| Item number | .U2 no. 399 |
| 051 ## - LIBRARY OF CONGRESS COPY, ISSUE, OFFPRINT STATEMENT | |
| Classification number | QE87 |
| Item number | .S8 |
| 086 0# - GOVERNMENT DOCUMENT CLASSIFICATION NUMBER | |
| Classification number | I 19.13:399 |
| 100 1# - MAIN ENTRY--PERSONAL NAME | |
| Personal name | Stephenson, Lloyd William, |
| Dates associated with a name | 1876- |
| 245 10 - TITLE STATEMENT | |
| Title | Geology and ground waters of northeastern Arkansas / |
| Statement of responsibility, etc. | by Lloyd William Stephenson and Albert Foster Crider ; with a discussion of The chemical character of the waters by Richard B. Dole. |
| 260 ## - PUBLICATION, DISTRIBUTION, ETC. | |
| Place of publication, distribution, etc. | Washington : |
| Name of publisher, distributor, etc. | Govt. Print. Off., |
| Date of publication, distribution, etc. | 1916. |
| 300 ## - PHYSICAL DESCRIPTION | |
| Extent | 315 p., [11] leaves of plates : |
| Other physical details | ill., fold. maps, fold. charts ; |
| Dimensions | 24 cm. |
| 440 #0 - SERIES STATEMENT/ADDED ENTRY--TITLE | |
| Title | Geological Survey water-supply paper ; |
| Volume/sequential designation | 399 |
| 501 ## - WITH NOTE | |
| With note | TC801.U2 no. 399 with: Ground water in the Waterbury area, Connecticut / by Arthur J. Ellis under the direction of Herbert E. Gregory ; prepared in cooperation with the Connecticut State Geological and Natural History Survey. Washington : Govt. Print. Off., 1916. Bound together subsequent to publication. |
| Institution to which field applies | DLC |
| 504 ## - BIBLIOGRAPHY, ETC. NOTE | |
| Bibliography, etc. note | Bibliography: p. 15-22. |
| 650 #0 - SUBJECT ADDED ENTRY--TOPICAL TERM | |
| Topical term or geographic name entry element | Geology |
| Geographic subdivision | Arkansas. |
| 650 #0 - SUBJECT ADDED ENTRY--TOPICAL TERM | |
| Topical term or geographic name entry element | Water-supply |
| Geographic subdivision | Arkansas. |
| 650 #0 - SUBJECT ADDED ENTRY--TOPICAL TERM | |
| Topical term or geographic name entry element | Water |
| General subdivision | Composition. |
| 700 1# - ADDED ENTRY--PERSONAL NAME | |
| Personal name | Crider, A. F. |
| Fuller form of name | (Albert Foster), |
| Dates associated with a name | 1873-1945. |
| 700 1# - ADDED ENTRY--PERSONAL NAME | |
| Personal name | Dole, Richard B. |
| Fuller form of name | (Richard Bryant), |
| Dates associated with a name | 1880-1917. |
No items available.